University Physics (Record no. 26162)

MARC details
000 -LEADER
fixed length control field 00413nam a2200169Ia 4500
008 - FIXED-LENGTH DATA ELEMENTS--GENERAL INFORMATION
fixed length control field 230524s9999 xx 000 0 und d
082 ## - DEWEY DECIMAL CLASSIFICATION NUMBER
Classification number 530
Item number SEA
100 ## - MAIN ENTRY--AUTHOR NAME
Personal name Francis W.Sears
245 #0 - TITLE STATEMENT
Title University Physics
250 ## - EDITION STATEMENT
Edition statement 6TH
260 ## - PUBLICATION, DISTRIBUTION, ETC. (IMPRINT)
Place of publication NEW DELHI
Name of publisher Narosa
Year of publication 1998
300 ## - PHYSICAL DESCRIPTION
Number of Pages 929
500 ## - GENERAL NOTE
General note Quantity Number: 3
650 ## - SUBJECT ADDED ENTRY--TOPICAL TERM
Topical Term Physics
700 ## - ADDED ENTRY--PERSONAL NAME
Personal name " Mark W. Zemansky , Hugh D.Young,,,"
942 ## - ADDED ENTRY ELEMENTS (KOHA)
Koha item type Books
Holdings
Lost status Damaged status Permanent Location Current Location Shelving location Date acquired Full call number Accession Number Koha item type
    Central Library, Trident Academy of Technology Central Library, Trident Academy of Technology General Stacks 05/24/2023 530 SEA 6098 Books
    Central Library, Trident Academy of Technology Central Library, Trident Academy of Technology General Stacks 05/24/2023 530 SEA 6099 Books
    Central Library, Trident Academy of Technology Central Library, Trident Academy of Technology General Stacks 05/24/2023 530 SEA 13380 Books
Trident Academy of Technology © 2023.
All rights reserved.                                                                                                                                                                                                        Designed by Team of Central Library .

Powered by Koha